000 00417nam a2200145Ia 4500
008 100204s9999 xx 000 0 und d
082 _b16429
100 _aगस्ती भीमराव
245 _aआक्रोश
260 _b"राजहंस प्रकाशन , पुणे"
_c1993
300 _a391
630 _aआक्रोश
730 _aआक्रोश
942 _cBOOK
999 _c460852
_d460849